Statistics for Showtek Charting Songs (Billboard Hot Dance)

Click here to take the quiz!

General Stats

  • This quiz has been taken 9 times
  • The average score is 4 of 6

Answer Stats

AlbumWeeks OnPeakArtist(s)Song% Correct
Listen26 Weeks#11David Guetta & Showtek ft. VASSYBad
100%
Non-Album Single16 Weeks#19Major Lazer & ShowtekBeliever
100%
Non-Album Single20 Weeks#13Showtek ft. We Are Loud! & Sonny WilsonBooyah
100%
Non-Album Single4 Weeks#37Showtek & NoisecontrollersGet Loose
50%
Non-Album Single6 Weeks#19David Guetta & ShowtekYour Love
50%
Essentials7 Weeks#24Showtek & Justin Prime ft. Matthew KomaCannonball (Earthquake)
0%

Score Distribution

Percentile by Number Answered

Percent of People with Each Score

Your Score History

You have not taken this quiz